logo

Bir Sreshtho Munshi Abdur Rouf Library
Jhenaidah Cadet College

Christian ethics : (Record no. 12789)

MARC details
000 -LEADER
fixed length control field 00755nam a2200253 a 4500
001 - CONTROL NUMBER
control field 12789
003 - CONTROL NUMBER IDENTIFIER
control field BD-JhCC
005 - DATE AND TIME OF LATEST TRANSACTION
control field 20230512204805.0
008 - FIXED-LENGTH DATA ELEMENTS--GENERAL INFORMATION
fixed length control field 230512s1967 nyu b 000 0 eng d
010 ## - LIBRARY OF CONGRESS CONTROL NUMBER
LC control number LC 89-30543
020 ## - INTERNATIONAL STANDARD BOOK NUMBER
International Standard Book Number 0883444240
035 ## - SYSTEM CONTROL NUMBER
System control number (BD-JhCC)12789
040 ## - CATALOGING SOURCE
Original cataloging agency DLC
Transcribing agency DLC
Modifying agency BD-JhCC
050 #0 - LIBRARY OF CONGRESS CALL NUMBER
Classification number BJ1251
Item number .C49 1989
082 ## - DEWEY DECIMAL CLASSIFICATION NUMBER
Classification number 241
Edition number 19
Item number ALF 1967
092 ## - LOCALLY ASSIGNED DEWEY CALL NUMBER (OCLC)
Classification number D0400458538
100 ## - MAIN ENTRY--PERSONAL NAME
Personal name Al Faruqi, Ismail Ragi A.
245 00 - TITLE STATEMENT
Title Christian ethics :
Remainder of title a history and systematic analysis of its dominant ideas /
Statement of responsibility, etc. Ismail Ragi A. Al Faruqi,
260 ## - PUBLICATION, DISTRIBUTION, ETC.
Place of publication, distribution, etc. Montreal :
Name of publisher, distributor, etc. McGill University Press,
Date of publication, distribution, etc. 1967.
300 ## - PHYSICAL DESCRIPTION
Extent 333 p. ;
Dimensions 22 cm
504 ## - BIBLIOGRAPHY, ETC. NOTE
Bibliography, etc. note Includes bibliographies and index.
650 #0 - SUBJECT ADDED ENTRY--TOPICAL TERM
Topical term or geographic name entry element Christian ethics
942 ## - ADDED ENTRY ELEMENTS (KOHA)
Source of classification or shelving scheme Dewey Decimal Classification
Koha item type Books
Holdings
Withdrawn status Lost status Source of classification or shelving scheme Damaged status Not for loan Home library Current library Shelving location Date acquired Cost, normal purchase price Total Checkouts Full call number Barcode Date last seen Copy number Price effective from Koha item type
    Dewey Decimal Classification     JCC Rouf Library JCC Rouf Library General Stacks 05/12/2023 600.00   241 ALF 1967 17567 05/12/2023 C-1 05/12/2023 Books

JCC Library | Contacts | JCC Home

Last Update on 23 September 2017
Copyright @ 2017-2020 JCC Rouf Library
Rouf Library, Jhenidah Cadet College (JCC), Bangladesh